| 000 | 00800nam a2200193Ii 4500 | ||
|---|---|---|---|
| 003 | JO-AjNU | ||
| 008 | 230605s9999||||xx |||||||||||||| ||und|| | ||
| 040 |
_aJO-AjNU _bara _erda _cJO-AjNU |
||
| 041 | _aara | ||
| 050 | 1 | 4 | _aBP189.26.I27 A34 1980 |
| 100 | 3 |
_a بقلم ابو العلاء عفيفي, _eauthor _959372 |
|
| 245 | 0 | 0 | _a فصوص الحكم للشيخ الأكبر محيى الدين بن عربي المتوفى سنة 638 هجرية و التعليقات عليه |
| 264 | 3 | 1 | _aبيروت: دار الكتاب العربي، 1980 |
| 300 |
_a374ص _bيحتوي على فهرس التعليقات من ص348- 374 |
||
| 336 |
_atext _btxt _2rdacontent |
||
| 337 |
_aunmediated _bn _2rdamedia |
||
| 338 |
_avolume _bnc _2rdacarrier |
||
| 650 | 4 |
_aالتصوف الاسلامي _959373 |
|
| 999 |
_aA26714 _c30282 _d30282 |
||